000
00281nam a2200097Ia 4500
001
1166105
005
20250827011754.0
008
250824s9999 xx 000 0 und d
245
0
_a
OKULA GELİRKEN ÇOK KOMİK ŞEYLER OLDU
_c
DAVIDE CALI
260
_b
GÜNIŞIĞI KİTAPLIĞI YAYINLARI
999
_c
1166105
_d
1166105